[Event "HZ Open"]
[Site "Vlissingen NED"]
[Date "2006.08.12"]
[Round "9"]
[White "Negi,P"]
[Black "Ziska,H"]
[Result "1/2-1/2"]
[WhiteElo "2480"]
[BlackElo "2333"]

1.e4 c5 2.Nf3 d6 3.d4 cxd4 4.Nxd4 Nf6 5.Nc3 a6 6.Bg5 e6 7.f4 Nc6 8.Nxc6 bxc6
9.e5 h6 10.Bh4 g5 11.fxg5 Nd5 12.Ne4 Qb6 13.Bd3 hxg5 14.Bg3 dxe5 15.Bxe5 Rh6
16.Qf3 g4 17.Qf2 Qxf2+ 18.Nxf2 f5 19.Ke2 c5 20.h3 gxh3 21.g4 Bb7 22.Rxh3 Rxh3
23.Nxh3 Nb6 24.c4 fxg4 25.Ng5 O-O-O 26.Nxe6 Bf3+ 27.Ke3 Bh6+ 28.Bf4 Re8 29.Bf5 Nxc4+
30.Kd3 Nxb2+ 31.Kc2 Bxf4 32.Nxf4+ Kb8 33.Kxb2 Rf8 34.Bxg4 Bxg4 35.Nd3 c4
36.Ne5 Be6 37.Kc3 Rf4 38.Rb1+ Kc7 39.Rb4 Kd6 40.Nxc4+ Kc5 41.Ne5 Rxb4 42.Nd3+ Kd5  1/2-1/2

[Event "GpA"]
[Site "Cap d'Agde FRA"]
[Date "2006.10.27"]
[Round "1"]
[White "Fressinet,L"]
[Black "Negi,P"]
[Result "1/2-1/2"]
[WhiteElo "2640"]
[BlackElo "2538"]

1.d4 Nf6 2.c4 g6 3.Nc3 d5 4.cxd5 Nxd5 5.Bd2 Bg7 6.e4 Nb6 7.Be3 O-O 8.Bb5 a6
9.Be2 f5 10.exf5 Bxf5 11.Qb3+ Kh8 12.Nf3 Nc6 13.d5 Ne5 14.Nxe5 Bxe5 15.g4 Bd7
16.h4 e6 17.h5 g5 18.d6 Nd5 19.Nxd5 exd5 20.O-O-O cxd6 21.Kb1 Be6 22.Qd3 Qf6
23.Rh3 Bxb2 24.Rf3 Qe5 25.Bxg5 Rxf3 26.Bxf3 Qxg5 27.Kxb2 Rf8 28.Qd4+ Qe5
29.Qxe5+ dxe5 30.Bxd5 Bxg4 31.Re1 Rxf2+ 32.Ka3 Be2 33.Bxb7 Kg7 34.Kb4 Kf6
35.Ka5 Bc4 36.a4 Rf5 37.Bxa6 Bxa6 38.Kxa6 Rxh5 39.a5 Rh2 40.Rb1 Ra2 41.Kb6 h5
42.a6 h4 43.a7 Kf5 44.Rb5 Rxa7 45.Kxa7 h3 46.Kb6 h2 47.Rb1 Kf4 48.Rh1 Kg3  1/2-1/2

[Event "GpA"]
[Site "Cap d'Agde FRA"]
[Date "2006.10.27"]
[Round "3"]
[White "Harikrishna,P"]
[Black "Negi,P"]
[Result "1-0"]
[WhiteElo "2674"]
[BlackElo "2538"]

1.d4 Nf6 2.Nf3 g6 3.Bg5 Bg7 4.Nbd2 d5 5.e3 c5 6.c3 Nbd7 7.Be2 O-O 8.O-O b6
9.Bh4 Bb7 10.a4 Re8 11.b4 c4 12.b5 a6 13.h3 Nf8 14.Ne5 N6d7 15.Nc6 Bxc6 16.bxc6 Nb8
17.e4 Nxc6 18.exd5 Qxd5 19.Bf3 Qd7 20.Nxc4 Rab8 21.Bg3 e5 22.Bxc6 Qxc6 23.Nxe5 Qxc3
24.Rc1 Qb2 25.Nc4 Qxd4 26.Bxb8 Rxb8 27.Qxd4 Bxd4 28.Nd6 Rd8 29.Rc6 Ne6 30.Rc8 Rxc8
31.Nxc8 b5 32.axb5 axb5 33.Rb1 Nc7 34.Nd6 Kg7 35.Nxb5 Nxb5 36.Rxb5 h5 37.Kf1 Bf6
38.g4 hxg4 39.hxg4 g5 40.Ke2 Be7 41.Kd3 Kg6 42.Ke4 f6 43.Kd5 Bd8 44.Ke6 Bc7
45.f3 Bf4 46.Rf5 Bd2 47.Rxf6+  1-0

[Event "GpA"]
[Site "Cap d'Agde FRA"]
[Date "2006.10.29"]
[Round "7"]
[White "Negi,P"]
[Black "Karjakin,Sergey"]
[Result "1/2-1/2"]
[WhiteElo "2538"]
[BlackElo "2672"]

1.e4 c5 2.Nf3 d6 3.d4 cxd4 4.Nxd4 Nf6 5.Nc3 a6 6.Bg5 e6 7.f4 Qb6 8.Qd3 Qxb2
9.Rb1 Qa3 10.f5 Nc6 11.fxe6 fxe6 12.Nxc6 bxc6 13.Be2 Be7 14.Bd2 Qc5 15.Na4 Qa7
16.Be3 c5 17.O-O O-O 18.e5 dxe5 19.Nb6 Rb8 20.Nxc8 Rbxc8 21.Qxa6 Qxa6 22.Bxa6 Ra8
23.Bc4 Nd5 24.Rxf8+ Kxf8 25.Bf2 Ra4 26.Bb3 Ra6 27.Bc4 Ra4 28.Bb3 Ra6 29.Bc4  1/2-1/2

[Event "Amity GM Challenge"]
[Site "New Delhi IND"]
[Date "2006.12.17"]
[Round "1"]
[White "Lahno,Kateri"]
[Black "Negi,P"]
[Result "1/2-1/2"]
[WhiteElo "2459"]
[BlackElo "2538"]

1.e4 c5 2.Nf3 d6 3.d4 cxd4 4.Nxd4 Nf6 5.Nc3 a6 6.Be2 e5 7.Nb3 Be7 8.O-O O-O
9.Re1 b6 10.Bg5 Bb7 11.Bxf6 Bxf6 12.Bc4 Ra7 13.a4 Be7 14.Qd3 Nd7 15.Rad1 Nf6
16.Nd2 Qa8 17.Bb3 Bc6 18.Nc4 b5 19.Nb6 Qb8 20.axb5 Bxe4 21.Nxe4 Nxe4 22.Qxe4 Qxb6
23.bxa6 Rxa6 24.Ra1 g6 25.Qc4 Ra5 26.Rxa5 Qxa5 27.Rd1 Kg7 28.g3 h5 29.h4 Qc5
30.Qd5 Qxd5 31.Bxd5 Rb8 32.b3 Rc8 33.Bc4 Ra8 34.b4 Ra4 35.Rb1 d5 36.Bxd5 Rxb4
37.Rxb4 Bxb4  1/2-1/2

[Event "Amity GM Challenge"]
[Site "New Delhi IND"]
[Date "2006.12.18"]
[Round "2"]
[White "Negi,P"]
[Black "Lahno,Kateri"]
[Result "0-1"]
[WhiteElo "2538"]
[BlackElo "2459"]

1.e4 e5 2.Nf3 Nc6 3.Bb5 a6 4.Ba4 Nf6 5.O-O b5 6.Bb3 Bc5 7.a4 Rb8 8.c3 d6
9.d4 Bb6 10.axb5 axb5 11.Qd3 Bd7 12.Na3 O-O 13.Bg5 h6 14.Bh4 Qe7 15.Rfe1 Bg4
16.Qxb5 Bxf3 17.Qxc6 g5 18.Bg3 Bg4 19.Qc4 Be6 20.d5 Bd7 21.Ba4 Bxa4 22.Qxa4 h5
23.h3 h4 24.Bh2 g4 25.Kh1 Bxf2 26.Re2 g3 27.Qd1 Bb6 28.Bg1 Bxg1 29.Kxg1 Nh5
30.Nc4 Ra8 31.Re1 Qg5 32.Qf3 Rxa1 33.Rxa1 f5 34.exf5 Qxf5 35.Qxf5 Rxf5 36.Ne3 Rf2
37.Ra8+ Kg7 38.Ra7 Re2 39.Rxc7+ Kg6 40.Nf1 Nf4 41.Rc8 Rxg2+ 42.Kh1 Rf2 43.Nxg3 hxg3
44.Rg8+ Kf5 45.Rxg3 Rxb2  0-1

[Event "Amity GM Challenge"]
[Site "New Delhi IND"]
[Date "2006.12.19"]
[Round "3"]
[White "Lahno,Kateri"]
[Black "Negi,P"]
[Result "1/2-1/2"]
[WhiteElo "2459"]
[BlackElo "2538"]

1.e4 c5 2.Nf3 d6 3.d4 cxd4 4.Nxd4 Nf6 5.Nc3 a6 6.Be2 e5 7.Nb3 Be7 8.O-O O-O
9.Re1 Be6 10.Bf3 Nbd7 11.a4 Nb6 12.Nd2 Rc8 13.a5 Nc4 14.Nxc4 Rxc4 15.Be3 Qd7
16.Qd3 Rfc8 17.Red1 h6 18.Bb6 d5 19.exd5 Bf5 20.Qe3 Qd6 21.Re1 e4 22.Rad1 Rb4
23.Be2 Rxb2 24.Bd4 Rxc2 25.Bxf6 Bxf6 26.Nxe4 Bxe4 27.Qxe4 R2c5 28.h4 Bc3
29.Rf1 Qe5 30.Qf3 Qf6 31.d6 Qxf3 32.Bxf3 Rd8 33.Bxb7 Bxa5 34.d7 Rc7 35.Bc8 Bb4
36.Rc1 Rcxd7 37.Bxd7 Rxd7 38.g3 h5 39.Rc4 a5 40.Rb1 g6 41.Kg2 Kg7 42.Rcxb4 axb4
43.Rxb4 Kf6  1/2-1/2

[Event "Amity GM Challenge"]
[Site "New Delhi IND"]
[Date "2006.12.20"]
[Round "4"]
[White "Negi,P"]
[Black "Lahno,Kateri"]
[Result "1/2-1/2"]
[WhiteElo "2538"]
[BlackElo "2459"]

1.e4 e5 2.Nf3 Nc6 3.Bb5 a6 4.Ba4 Nf6 5.O-O b5 6.Bb3 Bc5 7.a4 Rb8 8.c3 d6
9.d4 Bb6 10.axb5 axb5 11.Qd3 O-O 12.Bg5 h6 13.Bxf6 Qxf6 14.Qxb5 Na7 15.Qa4 g5
16.Nbd2 g4 17.dxe5 dxe5 18.Ne1 Nc6 19.Bd5 Ne7 20.Nc4 c6 21.Nxb6 Rxb6 22.Bc4 Rxb2
23.Nd3 Rd2 24.Ra2 Rxa2 25.Qxa2 Ng6 26.f3 gxf3 27.Rxf3 Qe7 28.Qf2 Kg7 29.Nb4 Bd7
30.Qa7 Be8 31.Qxe7 Nxe7 32.Nd3 f5 33.exf5 e4 34.Re3 Nxf5 35.Rxe4 Nd6 36.Rg4+ Kf6
37.Bb3 Bg6 38.Rf4+ Ke7 39.Ne5 Be4 40.Rxf8 Kxf8 41.Ba4 Nb5 42.c4 Nd6 43.Kf2 Ke7
44.Bb3 c5 45.g3 Ke6 46.Ng4 h5 47.Ne3 Ke5 48.Bd1 Bg6 49.Kf3 Kd4 50.Kf4 Nxc4
51.Nxc4 Kxc4 52.Kg5 Be8 53.g4 hxg4 54.Bxg4 Kd3 55.h4 c4 56.h5 Bxh5  1/2-1/2

[Event "Amity GM Challenge"]
[Site "New Delhi IND"]
[Date "2006.12.21"]
[Round "5"]
[White "Lahno,Kateri"]
[Black "Negi,P"]
[Result "1/2-1/2"]
[WhiteElo "2459"]
[BlackElo "2538"]

1.e4 e5 2.Nf3 Nc6 3.Bb5 a6 4.Ba4 Nf6 5.d3 d6 6.c3 g6 7.Bg5 Bg7 8.Nbd2 h6
9.Bh4 O-O 10.Nf1 b5 11.Bb3 Be6 12.Ne3 Qd7 13.Bc2 d5 14.Bxf6 Bxf6 15.exd5 Bxd5
16.Nxd5 Qxd5 17.Bb3 Qd6 18.Qe2 Na5 19.Bc2 Bg7 20.a3 Nb7 21.h4 Nc5 22.O-O Rad8
23.Rad1 Rfe8 24.Rfe1 Qc6 25.Nd2 Ne6 26.Qf3 Qxf3 27.Nxf3 Nf4 28.g3 Nd5 29.Re2 Re7
30.Rde1 Rde8 31.Nd2 Kf8 32.Ne4 c6 33.h5 f5 34.Nc5 gxh5 35.Nxa6 Bf6 36.Nc5 h4
37.Kh2 Rg7 38.c4 Nc7 39.gxh4 Rd8 40.Rg1 Rd4 41.Rxg7 Kxg7 42.cxb5 cxb5 43.Bb3 Rxh4+
44.Kg2 Rd4 45.Rc2 Kg6 46.a4 bxa4 47.Bxa4 Be7 48.b3 Nd5 49.Ne6 Rxd3 50.Be8+ Kh7
51.Ra2 Rxb3 52.Ra5 Rb6 53.Rxd5 Rxe6 54.Bd7 Rg6+ 55.Kf1 Rd6 56.Bxf5+ Kg7 57.Rxd6 Bxd6
58.Kg2 Kf6 59.Be4 Kg5 60.Kh3 Kf4 61.f3 Be7 62.Bc6 Bf6 63.Be4 h5 64.Bc6 h4
65.Be4 Be7 66.Bc6  1/2-1/2

[Event "Amity GM Challenge"]
[Site "New Delhi IND"]
[Date "2006.12.22"]
[Round "6"]
[White "Negi,P"]
[Black "Lahno,Kateri"]
[Result "1/2-1/2"]
[WhiteElo "2538"]
[BlackElo "2459"]

1.e4 e5 2.Nf3 Nc6 3.Bb5 a6 4.Ba4 Nf6 5.O-O Bc5 6.c3 b5 7.Bb3 d6 8.a4 Bg4
9.h3 Bxf3 10.Qxf3 O-O 11.a5 Rb8 12.d3 Nd7 13.Nd2 Ne7 14.Qe2 Kh8 15.Nf3 h6
16.d4 Ba7 17.dxe5 dxe5 18.Rd1 Ng6 19.Bxh6 gxh6 20.Qd2 Nf4 21.Qxd7 Qf6 22.Qf5 Qxf5
23.exf5 Rg8 24.Nxe5 Rxg2+ 25.Kh1 Rxf2 26.Rd7 Rxb2 27.Bxf7 Ne2 28.Rg1 Bxg1
29.Be6 Ng3+ 30.Kxg1 Ne2+ 31.Kf2 Nf4+ 32.Ke3 Nxe6 33.fxe6 Re8 34.Nf7+ Kg8
35.Nxh6+ Kh8 36.Nf7+ Kg8 37.Nh6+ Kh8 38.Nf7+ Kg8 39.Nh6+  1/2-1/2

[Event "Amity GM Challenge Rapid"]
[Site "New Delhi IND"]
[Date "2006.12.23"]
[Round "7"]
[White "Lahno,Kateri"]
[Black "Negi,P"]
[Result "1-0"]
[WhiteElo "2459"]
[BlackElo "2538"]

1.e4 e5 2.Nf3 Nc6 3.Bc4 Nf6 4.d3 Bc5 5.c3 a6 6.Nbd2 O-O 7.Bb3 Ba7 8.O-O d6
9.h3 Nh5 10.Re1 Qf6 11.Nf1 Nf4 12.Ng3 g6 13.Be3 h5 14.d4 Nd8 15.d5 Bd7 16.Rc1 a5
17.a3 a4 18.Ba2 Bc5 19.Kh2 g5 20.Nd4 h4 21.Nh5 Qh6 22.Nxf4 gxf4 23.Nf5 Bxf5
24.Bxc5 Bd7 25.Bb4 f6 26.Bc4 Kh8 27.Be2 Rg8 28.Bg4 Qg7 29.Rg1 Bxg4 30.Qxg4 Qxg4
31.hxg4 Rxg4 32.Kh3 Rg5 33.c4 b6 34.g3 hxg3 35.fxg3 fxg3 36.Bd2 Rh5+ 37.Kxg3 Nf7
38.Kg4 Rh2 39.Rh1 Rg8+ 40.Kf5 Rg2 41.Kxf6 Kg8 42.Ke7 Rxh1 43.Rxh1 Nh8 44.Bb4 Rg7+
45.Kd8 Ng6 46.Rg1 Kh7 47.Rh1+ Kg8 48.Rg1 Kh7 49.Rh1+ Kg8 50.Kc8 Nf4 51.c5 dxc5
52.Bc3 Nd3 53.Rh5 Re7 54.Kd8 Rg7 55.Bxe5 Rg4 56.Ke7 Nxe5 57.Rxe5 c4 58.Kd7 Rg2
59.Kxc7 Rxb2 60.d6 c3 61.d7 Rd2 62.d8=Q+ Rxd8 63.Kxd8 c2 64.Rg5+ Kf7 65.Rg1  1-0

[Event "Amity GM Challenge Rapid"]
[Site "New Delhi IND"]
[Date "2006.12.23"]
[Round "8"]
[White "Negi,P"]
[Black "Lahno,Kateri"]
[Result "0-1"]
[WhiteElo "2538"]
[BlackElo "2459"]

1.e4 e5 2.Nf3 Nc6 3.Bb5 a6 4.Ba4 Nf6 5.O-O Bc5 6.c3 b5 7.Bb3 d6 8.a4 Bg4
9.a5 O-O 10.h3 Bh5 11.d3 d5 12.Qe2 Qd6 13.Bg5 d4 14.c4 Bb4 15.Bxf6 Qxf6 16.cxb5 axb5
17.Bd5 Bxf3 18.Qxf3 Qxf3 19.gxf3 Rxa5 20.Nd2 Ne7 21.Rxa5 Bxa5 22.Nb3 Bb6
23.Bb7 Rb8 24.Ra1 Kf8 25.Na5 Bxa5 26.Rxa5 Ng6 27.Bc6 Nf4 28.Bxb5 Nxh3+ 29.Kf1 Nf4
30.b3 Ke7 31.Bc4 f6 32.Kg1 h5 33.Kh2 h4 34.Ra4 Kd6 35.Ra6+ Rb6 36.Ra8 Kc5
37.Rc8 c6 38.Rc7 Kb4 39.Rxg7 Kc3 40.Rf7 c5 41.Rc7 Nxd3 42.Kg2 Nf4+ 43.Kg1 Kb4
44.Kf1 h3 45.Kg1 Rd6 46.Rb7+ Kc3 47.Rb5 Rc6 48.Rb8 d3 49.Rd8 d2  0-1

[Event "Amity GM Challenge Rapid"]
[Site "New Delhi IND"]
[Date "2006.12.23"]
[Round "9"]
[White "Lahno,Kateri"]
[Black "Negi,P"]
[Result "1-0"]
[WhiteElo "2459"]
[BlackElo "2538"]

1.e4 e5 2.Nf3 Nc6 3.Bb5 a6 4.Ba4 Nf6 5.d3 b5 6.Bb3 Be7 7.c3 O-O 8.Nbd2 d5
9.O-O dxe4 10.dxe4 Bc5 11.Qe2 Qd6 12.Nh4 Bg4 13.Ndf3 Nh5 14.Bg5 Nf4 15.Bxf4 exf4
16.h3 Be6 17.Rad1 Qe7 18.Bd5 Bxd5 19.Rxd5 g6 20.Qd2 Bd6 21.Re1 f6 22.a4 bxa4
23.Qc2 a3 24.bxa3 Bxa3 25.Qa4 Ne5 26.Nxe5 fxe5 27.Nf3 Bd6 28.c4 Qg7 29.c5 Be7
30.Nxe5 Rfd8 31.Qc4 Kf8 32.Red1 a5 33.Nc6 Re8 34.Rd7 Qf7 35.Qd4 Qf6 36.Rxe7 Qxd4
37.Rxe8+ Kxe8 38.Nxd4 a4 39.Nb5 Ra5 40.Nxc7+ Kf7 41.Nd5 Rxc5 42.Nxf4 a3 43.Ra1 Rc3
44.Kf1 Rb3 45.Ke2 Kf6 46.Nd3  1-0

[Event "Amity GM Challenge Rapid"]
[Site "New Delhi IND"]
[Date "2006.12.24"]
[Round "10"]
[White "Negi,P"]
[Black "Lahno,Kateri"]
[Result "0-1"]
[WhiteElo "2538"]
[BlackElo "2459"]

1.e4 e5 2.Nf3 Nc6 3.d4 exd4 4.Nxd4 Bc5 5.Nxc6 Qf6 6.Qf3 dxc6 7.Bc4 Be6 8.Qxf6 Nxf6
9.Bxe6 fxe6 10.f3 e5 11.Ke2 Kf7 12.Be3 Bxe3 13.Kxe3 g5 14.Nd2 h5 15.Rad1 Ke6
16.Nf1 h4 17.Ke2 g4 18.Ne3 Rag8 19.Rdf1 gxf3+ 20.Kxf3 Rg5 21.g3 h3 22.g4 Nxg4
23.Nxg4 Rf8+ 24.Kg3 Rfg8 25.Rf6+ Ke7 26.Kxh3 Rxg4 27.Rhf1 Rxe4 28.Rf7+ Kd6
29.R1f6+ Kc5 30.Rxc7 Re3+ 31.Kh4 Rg2 32.Rxb7 Rxh2+ 33.Kg4 Rxc2 34.Rxa7 Rxb2
35.Ra6 Rb6 36.Rxb6 Kxb6 37.Kf5 Kc5 38.Re6 Kd5 39.Re8 Rf3+ 40.Kg4 Ra3 41.Rd8+ Ke4
42.Rc8 Rxa2 43.Rxc6 Rg2+ 44.Kh3 Rg8 45.Rc7 Ke3 46.Kh2 e4 47.Rf7 Ke2 48.Re7 e3
49.Rd7 Kf2 50.Rf7+ Ke1 51.Rd7 e2 52.Kh3 Rg5 53.Kh4 Rg1 54.Kh3 Kf2 55.Rf7+ Ke3  0-1

[Event "Amity GM Challenge Rapid"]
[Site "New Delhi IND"]
[Date "2006.12.24"]
[Round "11"]
[White "Lahno,Kateri"]
[Black "Negi,P"]
[Result "0-1"]
[WhiteElo "2459"]
[BlackElo "2538"]

1.e4 c5 2.Nf3 d6 3.d4 cxd4 4.Nxd4 Nf6 5.Nc3 a6 6.Be2 e5 7.Nb3 Be7 8.O-O O-O
9.Bf3 Nbd7 10.a4 Nb6 11.Nd2 Be6 12.Re1 Rc8 13.Nf1 Re8 14.Ne3 Rxc3 15.bxc3 Bd7
16.a5 Na4 17.Nf5 Bf8 18.Nxd6 Re6 19.Nf5 Qxa5 20.Bg5 Qc7 21.c4 Nb2 22.Qd2 Nxc4
23.Qc3 a5 24.Red1 Bb4 25.Qb3 b5 26.c3 Bc5 27.Qc2 h6 28.Bh4 Bc6 29.Nd4 exd4
30.cxd4 Bxe4 31.Bxe4 Nxe4 32.dxc5 Qxc5 33.Kh1 Qh5 34.Rd8+ Kh7 35.Bg3 Qg6
36.Qb3 Qf6 37.Rdd1 Nxf2+ 38.Bxf2 Qxf2 39.Qxb5 Ne3 40.Qd3+ Rg6 41.Rd2 Qf4
42.Re1 Ng4 43.g3 Nf2+ 44.Rxf2 Qxf2 45.Re8 Qc5 46.Rb8 a4 47.h4 a3 48.Kh2 Qf2+
49.Kh3 a2 50.Ra8 h5 51.Ra5 Kh6 52.Qb3 Qf1+ 53.Kh2 a1=Q 54.Qe3+ Kh7 55.Rxh5+ Rh6
56.Qe4+ g6 57.Rxh6+ Kxh6  0-1

[Event "Amity GM Challenge Rapid"]
[Site "New Delhi IND"]
[Date "2006.12.24"]
[Round "12"]
[White "Negi,P"]
[Black "Lahno,Kateri"]
[Result "1-0"]
[WhiteElo "2538"]
[BlackElo "2459"]

1.e4 e5 2.Nf3 Nc6 3.Bb5 a6 4.Ba4 Nf6 5.O-O Bc5 6.c3 b5 7.Bc2 d5 8.a4 dxe4
9.axb5 Bg4 10.Bxe4 Nxe4 11.bxc6 Qd5 12.h3 Bh5 13.d4 exd4 14.cxd4 Bd6 15.Qe1 O-O
16.Ra5 Qxc6 17.Rxh5 Rfe8 18.Be3 Rab8 19.Qc1 Qb6 20.Nc3 Nf6 21.Nd5 Nxd5 22.Rxd5 Red8
23.Ne5 Qb3 24.Ra5 Rb6 25.Qc4 Ra8 26.Qxb3 Rxb3  1-0

[Event "Amity GM Challenge Blitz"]
[Site "New Delhi IND"]
[Date "2006.12.25"]
[Round "13"]
[White "Negi,P"]
[Black "Lahno,Kateri"]
[Result "0-1"]
[WhiteElo "2538"]
[BlackElo "2459"]

1.e4 e5 2.Nf3 Nc6 3.Bb5 a6 4.Ba4 Nf6 5.O-O Bc5 6.c3 b5 7.Bc2 d5 8.exd5 Qxd5
9.d4 exd4 10.Bb3 Qd6 11.Re1+ Kf8 12.Bg5 Bf5 13.Nbd2 Rd8 14.a4 dxc3 15.bxc3 b4
16.Nc4 Qxd1 17.Raxd1 Rxd1 18.Rxd1 bxc3 19.Nce5 c2 20.Bxc2 Bxc2 21.Rc1 Nxe5
22.Nxe5 Bd6 23.Nc4 Bxa4 24.Nxd6 cxd6 25.Rc7 Ne8 26.Ra7 Bb5 27.Be7+ Kg8 28.Ra8 h5
29.Bxd6 Kh7 30.Bb4 Nf6 31.Ra7 Kg6 32.f3 Rc8 33.Kf2 Rc2+ 34.Kg3 Nd5  0-1

[Event "Amity GM Challenge Blitz"]
[Site "New Delhi IND"]
[Date "2006.12.25"]
[Round "14"]
[White "Lahno,Kateri"]
[Black "Negi,P"]
[Result "1/2-1/2"]
[WhiteElo "2459"]
[BlackElo "2538"]

1.e4 c5 2.Nf3 Nc6 3.d4 cxd4 4.Nxd4 e5 5.Nb5 d6 6.c4 Be7 7.b3 f5 8.exf5 Bxf5
9.Bd3 Be6 10.O-O Nf6 11.N1c3 a6 12.Na3 O-O 13.Nc2 Qd7 14.Ne4 Nxe4 15.Bxe4 b5
16.Ne3 Rac8 17.Nd5 Bd8 18.Be3 bxc4 19.bxc4 Na5 20.Qh5 Bf5 21.Bxf5 Qxf5 22.Qxf5 Rxf5
23.Bb6 Rf7 24.Bxa5 Bxa5 25.Rfc1 Rb7 26.Rc2 Kf7 27.f3 Bb6+ 28.Nxb6 Rxb6 29.Kf2 Ke6
30.Ke3 Rc5 31.Rac1 Rb4 32.Rc3 Kd7 33.g3 g5 34.h4 gxh4 35.gxh4 Ke6 36.Kd3 Ra4
37.Rg1 Kf6 38.Rc2 Ra3+ 39.Ke2 d5 40.Rb2 dxc4 41.Rb6+ Kf7 42.Rb7+ Kf6 43.Rb6+ Kf7
44.Rb7+ Ke6 45.Rb6+ Kd7 46.Rg7+ Kc8 47.Rf6 Rxa2+ 48.Ke3 Kb8 49.Rb6+ Ka8 50.Rbb7 Ra3+
51.Ke4 Rb3 52.Ra7+ Kb8 53.Rxa6 c3 54.Ra1 c2 55.Rc1 Rb1 56.Rgg1 Rxc1 57.Rxc1 Kc7
58.Kd3 Kd6 59.Rxc2 Rxc2 60.Kxc2 Ke6 61.Kd3 Kf5 62.Ke3 h5 63.Ke2 Kf4 64.Kf2 e4
65.fxe4 Kxe4  1/2-1/2

[Event "Amity GM Challenge Blitz"]
[Site "New Delhi IND"]
[Date "2006.12.25"]
[Round "15"]
[White "Negi,P"]
[Black "Lahno,Kateri"]
[Result "0-1"]
[WhiteElo "2538"]
[BlackElo "2459"]

1.e4 e5 2.Nf3 Nc6 3.Bb5 a6 4.Ba4 Nf6 5.O-O Bc5 6.c3 b5 7.Bc2 d5 8.exd5 Qxd5
9.a4 b4 10.d4 exd4 11.Bb3 Qd6 12.Re1+ Kf8 13.Bg5 dxc3 14.Qc1 Nd4 15.Nxd4 cxb2
16.Qxb2 Bxd4 17.Qa2 h6 18.Bh4 Bb7 19.Nd2 Bxa1 20.Nf3 Bc3 21.Rd1 Qe7 22.Qc2 Rd8
23.Rxd8+ Qxd8 24.Qf5 g6 25.Qc2 Kg7 26.h3 Bd5 27.Bxf6+ Bxf6  0-1

[Event "Amity GM Challenge Blitz"]
[Site "New Delhi IND"]
[Date "2006.12.25"]
[Round "16"]
[White "Lahno,Kateri"]
[Black "Negi,P"]
[Result "1/2-1/2"]
[WhiteElo "2459"]
[BlackElo "2538"]

1.e4 c5 2.Nf3 Nc6 3.Nc3 e5 4.Bc4 Be7 5.d3 Nf6 6.Nd2 d6 7.Nf1 Be6 8.Ne3 O-O
9.O-O Nd7 10.Ncd5 Bg5 11.c3 Kh8 12.f4 exf4 13.Nxf4 Bxc4 14.Nxc4 Nde5 15.Ne3 Ng6
16.Ned5 Nxf4 17.Bxf4 f5 18.Qh5 Bxf4 19.Nxf4 Qe8 20.exf5 Qxh5 21.Nxh5 Rae8
22.Ng3 Ne5 23.Rad1 d5 24.Rfe1 c4 25.dxc4 dxc4 26.b3 b5 27.bxc4 bxc4 28.Rd4 Nf3+
29.gxf3 Rxe1+ 30.Kf2 Ra1 31.Rd2 h6 32.Ke3 Rc1 33.Ne2 Re8+ 34.Kf4 Re1 35.Ng3 R1e3
36.Ne4 Rd3 37.Rb2 Rf8 38.Rb5 Rd1 39.Ra5 Rh1 40.Rxa7 Rxh2 41.a4 h5 42.a5 h4
43.a6 Ra2 44.Ng5 Ra5 45.Kg4 Raxf5 46.Ne6 h3 47.Nxf8 Rxf8 48.Kxh3 Rxf3+ 49.Kg4 Rxc3
50.Rc7 Ra3 51.a7 Kh7 52.Rxc4 Rxa7 53.Rc6 Ra4+ 54.Kg3  1/2-1/2

[Event "Amity GM Challenge Blitz"]
[Site "New Delhi IND"]
[Date "2006.12.25"]
[Round "17"]
[White "Negi,P"]
[Black "Lahno,Kateri"]
[Result "1-0"]
[WhiteElo "2538"]
[BlackElo "2459"]

1.e4 d6 2.d4 Nf6 3.Nc3 g6 4.Be3 c6 5.f3 Bg7 6.Qd2 b5 7.g4 h5 8.g5 Nfd7 9.f4 b4
10.Nce2 c5 11.Nf3 Bb7 12.d5 Bxb2 13.Rb1 Bg7 14.f5 Nb6 15.Nh4 Nc4 16.Qd3 Ba6
17.Qb3 Qd7 18.Bc1 Ne5 19.Bh3 Qb5 20.Bf1 Qa5 21.Nf4 c4 22.Qxb4 Nd3+ 23.cxd3 Bc3+
24.Qxc3 Qxc3+ 25.Bd2 Qc2 26.Rc1 Qxa2 27.fxg6 O-O 28.Bh3 fxg6 29.Nfxg6 Rf7
30.Be6 Nd7 31.Bxd7 c3 32.Rxc3 Qb1+ 33.Bc1 Qb4 34.Bd2 Qb1+ 35.Bc1 Bxd3 36.Be6 Bxe4
37.Bxf7+ Kxf7 38.O-O+ Kg7 39.Be3 Qb4 40.Rc7 Re8 41.Nxe7 Rxe7 42.Rxe7+ Kg8
43.Re8+ Kg7 44.Re7+ Kg8 45.Rc1 Kf8 46.Rxa7 Qb8 47.Bd4 Bc2 48.Rf1+ Ke8 49.Rg7 Qb4
50.Rg8+ Ke7 51.Nf3 Bd3 52.Re1+ Kd7 53.Rg7+  1-0

[Event "Amity GM Challenge Blitz"]
[Site "New Delhi IND"]
[Date "2006.12.25"]
[Round "18"]
[White "Lahno,Kateri"]
[Black "Negi,P"]
[Result "1/2-1/2"]
[WhiteElo "2459"]
[BlackElo "2538"]

1.e4 c5 2.Nf3 d6 3.d4 cxd4 4.Nxd4 Nf6 5.Nc3 a6 6.Be2 e6 7.O-O Nbd7 8.f4 b5
9.Bf3 Bb7 10.Re1 e5 11.Nf5 Qc7 12.Ne3 Be7 13.Ncd5 Nxd5 14.Nxd5 Bxd5 15.Qxd5 O-O
16.c3 exf4 17.Bxf4 Ne5 18.Rad1 Rfd8 19.Rf1 Bf8 20.Be2 Re8 21.a4 bxa4 22.Bxe5 dxe5
23.Bc4 Qc5+ 24.Kh1 Qxd5 25.Rxd5 Ra7 26.Ra5 a3 27.bxa3 Rc8 28.Rxa6 Rxa6 29.Bxa6 Rxc3
30.a4 Ba3 31.g3 Rc1 32.Rxc1 Bxc1 33.Bc4 Kf8 34.Kg2 Ke7 35.Kf3 Bd2 36.Ke2 Ba5
37.Kd3 f6 38.Bg8 h6 39.Kc4 Kd6 40.Kb5 Be1 41.a5 Bf2 42.g4 Kc7 43.h3 Kd6 44.Ka6 Kc7
45.Bd5 Bg1 46.h4 Bf2 47.h5 Bg1 48.Kb5 Kd6 49.Bb3 Bf2 50.Kc4 Bg1 51.Ba4 Bf2  1/2-1/2

[Event "Corus C"]
[Site "Wijk aan Zee NED"]
[Date "2007.01.15"]
[Round "3"]
[White "Negi,P"]
[Black "Willemze,T"]
[Result "1-0"]
[WhiteElo "2538"]
[BlackElo "2393"]

1.e4 c6 2.d4 d5 3.Nc3 dxe4 4.Nxe4 Bf5 5.Ng3 Bg6 6.h4 h6 7.h5 Bh7 8.Nf3 Nd7
9.Bd3 Bxd3 10.Qxd3 e6 11.Bf4 Qa5+ 12.Bd2 Bb4 13.c3 Be7 14.c4 Qc7 15.O-O-O Ngf6
16.Kb1 O-O-O 17.Bc3 Rhe8 18.Qe2 c5 19.dxc5 Bxc5 20.Nd4 a6 21.Nb3 Qc6 22.Nxc5 Qxc5
23.Rd2 Qc6 24.f3 Qc7 25.Qf2 Nc5 26.Bd4 Rd7 27.Rhd1 Red8 28.Nf1 b6 29.Qe3 Nxh5
30.b4 Na4 31.Qb3 Qf4 32.Qxa4 Kb7 33.Be3  1-0

[Event "Corus C"]
[Site "Wijk aan Zee NED"]
[Date "2007.01.18"]
[Round "5"]
[White "Krasenkow,M"]
[Black "Negi,P"]
[Result "1/2-1/2"]
[WhiteElo "2651"]
[BlackElo "2538"]

1.d4 d5 2.Nf3 Nf6 3.c4 dxc4 4.Qa4+ Nc6 5.Nc3 e6 6.Qxc4 Nb4 7.Qb3 c5 8.dxc5 Bxc5
9.Bg5 O-O 10.e3 Nbd5 11.Nxd5 exd5 12.Bd3 h6 13.Bxf6 Qxf6 14.Rc1 b6 15.O-O Be6
16.Qc3 Qxc3 17.Rxc3 Rfd8 18.Nd4 Bxd4 19.exd4 Rac8 20.Rxc8 Rxc8 21.f3 Kf8
22.g4 h5 23.h3 hxg4 24.hxg4 g5 25.Kg2 Kg7 26.Re1 Rh8 27.Kg3 Kf6 28.Rc1 Rc8
29.Rh1 Rg8 30.Kf2 Kg7 31.Rh7+ Kf6 32.Ke3 Ke7 33.Kd2 Rc8 34.Ba6 Rg8 35.Rh5 Bd7
36.Rh6 Rg6 37.Rh8 b5 38.Bb7 Rb6 39.Bxd5 Rd6 40.Be4 Rxd4+ 41.Ke3 Ra4 42.a3 b4
43.Bc2 Ra5 44.axb4 Ra2 45.Kd4 Rxb2 46.Kc3 Ra2 47.Bb3 Ra1 48.Kb2 Rf1 49.Bd5 Kd6
50.Rd8 Kxd5 51.Rxd7+ Kc4 52.Rxf7 Kxb4 53.Rxa7 Rxf3 54.Rg7 Rf2+ 55.Kc1 Kc3
56.Kd1 Kd3 57.Ke1 Ra2 58.Rxg5 Ke3 59.Kf1 Kf3 60.Rf5+  1/2-1/2

[Event "Corus C"]
[Site "Wijk aan Zee NED"]
[Date "2007.01.19"]
[Round "6"]
[White "Negi,P"]
[Black "Van der Wiel,J"]
[Result "1-0"]
[WhiteElo "2538"]
[BlackElo "2511"]

1.e4 c5 2.Nf3 Nc6 3.Nc3 g6 4.d4 cxd4 5.Nxd4 Bg7 6.Be3 Nf6 7.Bc4 O-O 8.Bb3 a5
9.O-O d6 10.Ndb5 a4 11.Nxa4 Nxe4 12.Qe2 Nf6 13.c4 Be6 14.Rad1 Nd7 15.c5 Rxa4
16.Bxa4 Qa5 17.Nc3 Bxc3 18.Bxc6 bxc6 19.bxc3 Nxc5 20.Ra1 Ra8 21.Qb2 Bc4 22.Rfb1 Na4
23.Qb7 Nxc3 24.Re1 Nd5 25.Qxc6 Qa4 26.Qb7 Kg7 27.Bg5 e5 28.Re4 Ra5 29.Rc1 Nc3
30.Ree1 Ne2+ 31.Rxe2 Bxe2 32.Qe7 Rc5 33.Rf1  1-0

[Event "Corus C"]
[Site "Wijk aan Zee NED"]
[Date "2007.01.20"]
[Round "7"]
[White "Berg,E"]
[Black "Negi,P"]
[Result "1-0"]
[WhiteElo "2586"]
[BlackElo "2538"]

1.e4 c5 2.Nf3 d6 3.d4 cxd4 4.Nxd4 Nf6 5.Nc3 a6 6.Bg5 e6 7.f4 Nbd7 8.Qf3 Qc7
9.O-O-O b5 10.Bd3 Bb7 11.Rhe1 Be7 12.Qg3 b4 13.Nd5 exd5 14.exd5 Kd8 15.Nc6+ Bxc6
16.dxc6 Nb6 17.Bh4 Rg8 18.Re2 Qxc6 19.Bxh7 Re8 20.Qxg7 Nxh7 21.Rxe7 Rxe7
22.Re1 Ra7 23.Qxf7 Nc8 24.Qxh7 Qxg2 25.Qh8+ Kd7 26.Bxe7 Nxe7 27.Rxe7+ Kxe7
28.Qh7+ Ke6 29.Qxa7 Qh1+ 30.Kd2 Qg2+ 31.Kd1 Qf1+ 32.Kd2 Qg2+ 33.Ke1 Qe4+
34.Kd1 Qf3+ 35.Ke1 Qe4+ 36.Kf1 Qc4+ 37.Kg2 Qe4+ 38.Kg3 Qg6+ 39.Kf3 Qh5+ 40.Kg3 Qg6+
41.Kf3 Qh5+ 42.Ke3 Qh3+ 43.Kd4 Qxh2 44.f5+ Kf6 45.Kd3 Qh3+ 46.Kc4 Qxf5 47.Qd4+ Ke6
48.Kb3 a5 49.Qc4+ Kf6 50.Ka4 Qe5 51.b3 Qf5 52.Qc7 Qd5 53.Qd8+ Kg6 54.Qe8+ Kf6
55.Qb5 Qe4 56.Qc4 Qf5 57.Qc7 Qd5 58.Qxa5 Qc6+ 59.Kxb4 Qxc2 60.Qd8+ Ke6 61.Qe8+ Kf6
62.Qh8+ Ke6 63.Qh3+ Kd5 64.Qf3+ Ke6 65.Qe3+ Kd7 66.a4 d5 67.a5 Qh2 68.Qa7+ Ke6
69.Qb6+ Kf5 70.a6 Qd2+ 71.Ka3 Qc1+ 72.Ka4 Qf4+ 73.Qb4 Qc7 74.Qb7 Qf4+ 75.b4 Qc4
76.a7 Qc2+ 77.Ka5 Qa2+ 78.Kb6 Qf2+ 79.Kc6 Qc2+ 80.Kd7 Qe4 81.a8=Q Qe6+ 82.Kc7 Qe7+
83.Kb8 Qe5+ 84.Qc7  1-0

[Event "Corus C"]
[Site "Wijk aan Zee NED"]
[Date "2007.01.21"]
[Round "8"]
[White "Negi,P"]
[Black "Bosboom,M"]
[Result "0-1"]
[WhiteElo "2538"]
[BlackElo "2375"]

1.e4 c5 2.Nf3 d6 3.d4 cxd4 4.Nxd4 Nf6 5.Nc3 a6 6.Bg5 e6 7.f4 Nbd7 8.Qf3 h6
9.Bh4 Rg8 10.Bf2 g5 11.g3 Qc7 12.O-O-O Be7 13.Bg2 Rb8 14.e5 dxe5 15.fxe5 Nxe5
16.Qe2 Neg4 17.Bg1 Bd7 18.Re1 h5 19.Nf5 Bc5 20.h3 Kf8 21.hxg4 exf5 22.Bxc5+ Qxc5
23.gxh5 Be6 24.Qd2 b5 25.h6 Rg6 26.Ne2 Kg8 27.Nd4 Bxa2 28.Nc6 Re8 29.Ne7+ Rxe7
30.Qd8+ Kh7 31.Rxe7 f4 32.Qf8 Qc4 33.Rhe1 Rg8 34.Bf1 Rxf8 35.Bxc4 Bxc4 36.gxf4 gxf4
37.R7e5 Be6 38.Rf1 Nd5 39.Rg5 Rg8 40.Rxg8 Kxg8 41.Rh1 Kh7 42.Rh4 a5 43.Kd2 Bf5
44.c3 a4 45.Rh5 Be4 46.Re5 f5 47.Re6 f3 48.Ke1 Nf4 49.Rb6 Nd3+ 50.Kf1 Nxb2  0-1